| 000 | 01983nam a2200313 i 4500 | ||
|---|---|---|---|
| 001 | 000027496 | ||
| 003 | DO-SdBNP | ||
| 005 | 20240528105119.0 | ||
| 007 | ta | ||
| 008 | 110401s1999 dr ac 000 0 spa d | ||
| 040 |
_aDO-SdBNP _bspa _cBNPHU _erda |
||
| 082 | 4 |
_a725.17 _bA333e _222 |
|
| 100 | 1 |
_aAlbert Batista, Celsa, _d1942- _930639 _eautora |
|
| 245 | 1 | 0 |
_aEstancia San Gerónimo : _bsede de la cancillería de la República Dominicana, patrimonio histórico / _cCelsa Albert Batista; edición, Ana E. Martínez ; prólogo, Eugenio Pérez Montás |
| 264 |
_aSanto Domingo : _bSecretaría de Estado de Relaciones Exteriores, _c1999. |
||
| 300 |
_a106 páginas : _bIlustraciones, retratos. ; _c20 cm. |
||
| 336 |
_2rdacontent _atexto _btxt |
||
| 337 |
_2rdamedia _asin mediación _bn |
||
| 338 |
_2rdacarrier _avolumen _bnc |
||
| 500 | _aIncluye referencias bibliográficas y notas al pie de las páginas. | ||
| 505 | 0 |
_aPresentación / _rDr. Eduardo Latorre -- _tPrólogo / _rArq. Eugenio Pérez Montás -- _tIntroducción -- _gCapítulo 1 -- _tAspectos históricos-urbanísticos del entorno de la cancillería -- _gCapítulo 2 -- _tAntencedentes históricos e infraestructura de las instalaciones de la Secretaría de Estado de Relaciones Exteriores -- _gCapítulo 3 -- _tEstancia Ramfis : el nacimiento de la Era -- _gCapítulo 4 -- _tRelación de los bienes muebles en la evolución histórica de las edificaciones de la Secretaría de Estado de Relaciones Exteriores -- |
|
| 505 | 0 |
_aCapítulo 5 -- _tUna nueva etapa para la edificación del entorno monumental de la Secretaría de Estado de Relaciones Exteriores -- _tConclusiones -- _tBibliografía -- _tApéndices. |
|
| 590 | _aInventariado, 2024/BT | ||
| 650 | 4 |
_aEdificios públicos. _zSanto Domingo (Ciudad, República Dominicana{Rpara} _954576 |
|
| 700 | 1 |
_aMartínez, Ana E., _92505 _eeditora |
|
| 700 | 1 |
_aPérez Montás, Eugenio, _d1933- _919115 _eprólogo |
|
| 910 | _aValidado. Control de calidad. MMOLINA | ||
| 942 |
_2ddc _cLBS1 |
||
| 999 |
_c26988 _d26988 |
||